000 00796nam a2200265 i 4500
001 C2-0331319
003 PPAK
005 20210728182915.0
008 150602s2015 my a|||| ||||| | may d
020 _a9789670782034
040 _aPPAK
_beng
_cPPAK
_erda
082 0 4 _a398.2
_223
090 0 0 _a398.2
_bZAI
_dK
100 0 _aZaihanim Zainal Abidin,
_eauthor
245 1 0 _aMalang Pak Kaduk /
_cZaihanim Zainal Abidin.
264 1 _aPetaling Jaya, Selangor :
_bPustaka Seri Idaman ,
_c2015
300 _a29 pages :
_bcolour illustrations ;
_c26 cm
336 _2rdacontent
_atext
337 _2rdamedia
_aunmediated
338 _2rdacarrier
_avolume
490 1 _aSiri teladan kisah jenaka
650 1 0 _aFolk literature, Malay.
830 0 _aSiri teladan kisah jenaka
942 _cB
_2ddc
999 _c130058
_d130058